| 000 | 00654nam a2200181 i 4500 | ||
|---|---|---|---|
| 001 | bg | ||
| 100 | 1 | _aBARAN, Janusz Jacek | |
| 245 | 0 |
_aNiektóre aspekty identyfikacji układów mechanicznych / _cJanusz J. Baron. |
|
| 260 |
_aSzczecin : _bWydaw. Uczelniane PS, _c1990. |
||
| 490 | 1 |
_aPrace Naukowe Politechniki Szczecińskiej. Instytut Technologii Mechanicznej, _x0239-975X ; _vnr 6 |
|
| 500 | _aNumeracja ser. gł. : nr 415. | ||
| 830 | 0 |
_aPrace Naukowe Politechniki Szczecińskiej. _pInstytut Technologii Mechanicznej ; _vnr 6 |
|
| 040 | _cBPK | ||
| 041 | _apol | ||
| 080 | _a621.01:51 | ||
| 942 | _cKS | ||
| 008 | s pl f |000 0 pol | ||
| 999 |
_c29421 _d29421 |
||
| 856 |
_uhttp://koha.tu.koszalin.pl/cgi-bin/koha/opac-detail.pl?biblionumber=29421 _yKatalog online BPK |
||